Economia internacional/Dominick Salvatore (Registro nro. 20806)

Detalles MARC
000 -LÍDER
fixed length control field 00444nam a2200169 4500
008 - ELEMENTOS DE LONGITUD FIJA -- INFORMACIÓN GENERAL
fixed length control field 01977 1990 0a 000 0MEX
020 ## - NÚMERO INTERNACIONAL NORMALIZADO PARA LIBROS
ISBN 0-07-054538-3
050 ## - SIGNATURA TOPOGRAFICA DE LA BIBLIOTECA DEL CONGRESO (LC)
Número de Clasificación HF1411 S3518 1990
082 ## - NUMERO DE CLASIFICACION DECIMAL DEWEY
Número de Clasificación 330 S719c
100 ## - ASIENTO PRINCIPAL--NOMBRE PERSONAL
Nombre personal Salvatore, Dominick
245 ## - TÍTULO
Título Economia internacional/Dominick Salvatore
250 ## - MENCIÓN DE EDICIÓN
Mención de edición 3
260 ## - PUBLICACIÓN, DISTRIBUCIÓN, ETC. (PIE DE IMPRENTA)
Lugar de publicación, distribución, etc. México : McGRAW-HILL
300 ## - DESCRIPCIÓN FÍSICA
Extensión 326P. / 23.5cm.
440 ## -
-- Serie Shaum´s
650 ## - ASIENTO SECUNDARIO DE MATERIA - TERMINO TEMÁTICO
Término temático o nombre geográfico como elemento de entrada 1.ECONOMIA
Existencias
No. biblioteca No. biblioteca Número de clasificación Código de barras/Número de adquisición Número de copia Tipo de material
LUIS G. INCLAN LUIS G. INCLAN 330 S719c 20461 9 Libros
LUIS G. INCLAN LUIS G. INCLAN 330 S719c 22951 10 Libros
LUIS G. INCLAN LUIS G. INCLAN 330 S719c 23102 11 Libros
LUIS G. INCLAN LUIS G. INCLAN 330 S719c 23103 12 Libros
LUIS G. INCLAN LUIS G. INCLAN 330 S719c 23104 13 Libros
LUIS G. INCLAN LUIS G. INCLAN 330 S719c 23105 14 Libros
LUIS G. INCLAN LUIS G. INCLAN 330 S719c 23106 15 Libros
LUIS G. INCLAN LUIS G. INCLAN 330 S719c 25014 16 Libros
Calzada Tecnológico # 27, Zacatepec, Morelos.
01(734) 343-07-23 / 343-21-10 / 343-21-11
Apdo. Postal 45 C.P 62780